Statistics for Battlefield 1 Operations

Click here to take the quiz!

General Stats

  • This quiz has been taken 26 times
  • The average score is 5 of 9

Answer Stats

HintAnswer% Correct
Ottoman Empire / British (ANZAC)Gallipoli
83%
Ottoman Empire / BritishOil of Empires
70%
German / BritishKaiserschlacht
57%
German / FrenchDevil's Anvil
52%
Austro-Hungarian / ItalianIron Walls
52%
Red Army / RussianRed Tide
52%
German / FrenchBeyond the Marne
48%
Austro-Hungarian / RussianBrusilov Offensive
43%
German / AmericanConquer Hell
43%

Score Distribution

Percentile by Number Answered

Percent of People with Each Score

Your Score History

You have not taken this quiz